000 00418nam a2200169Ia 4500
008 230524s9999 xx 000 0 und d
020 _a8174464980
082 _a658.3
_bBAT
100 _aDipak Kumar Bhattacharyya
245 0 _aHuman Resource Management
250 _a2ND
260 _aNEW DELHI
_bExcel Books
_c2008
300 _aXIV;635
500 _aQuantity Number: 3
650 _aManagement
942 _cBK
999 _c41421
_d41421